Реакция Ульмана в синтезе новых 4,7-бисазолил производных 2,1,3-бензохалькогендиазолов; Химия и химическая технология в XXI веке

Бібліографічні деталі
Parent link:Химия и химическая технология в XXI веке.— 2020.— [С. 236-237]
Автор: Якуненков А. В.
Співавтор: Национальный исследовательский Томский политехнический университет Инженерная школа новых производственных технологий Научно-образовательный центр Н. М. Кижнера
Інші автори: Потапов А. С. (научный руководитель), Кузнецова А. С. Анастасия Сергеевна
Резюме:Заглавие с экрана
Мова:Російська
Опубліковано: 2020
Серія:Химия и химическая технология органических веществ и материалов
Предмети:
Онлайн доступ:http://earchive.tpu.ru/handle/11683/63633
Формат: Електронний ресурс Частина з книги
KOHA link:https://koha.lib.tpu.ru/cgi-bin/koha/opac-detail.pl?biblionumber=631836

MARC

LEADER 00000naa2a2200000 4500
001 631836
005 20231101133700.0
035 |a (RuTPU)RU\TPU\conf\33537 
035 |a RU\TPU\conf\33526 
090 |a 631836 
100 |a 20200922d2020 k y0rusy50 ca 
101 0 |a rus 
102 |a RU 
105 |a y z 101zy 
135 |a drgn ---uucaa 
181 0 |a i  
182 0 |a b 
200 1 |a Реакция Ульмана в синтезе новых 4,7-бисазолил производных 2,1,3-бензохалькогендиазолов  |f А. В. Якуненков, А. С. Потапов  |g науч. рук. А. С. Кузнецова 
203 |a Текст  |c электронный 
225 1 |a Химия и химическая технология органических веществ и материалов 
230 |a 1 компьютерный файл (pdf; 828 Kb) 
300 |a Заглавие с экрана 
320 |a [Библиогр.: с. 237 (3 назв.)] 
338 |b Российский фонд фундаментальных исследований  |d 20-33-70026 
463 0 |0 (RuTPU)RU\TPU\conf\32967  |t Химия и химическая технология в XXI веке  |o материалы XXI Международной научно-практической конференции студентов и молодых ученых имени выдающихся химиков Л. П. Кулёва и Н. М. Кижнера, посвященной 110-летию со дня рождения профессора А. Г. Стромберга, 21–24 сентября 2020 г., г. Томск  |f Национальный исследовательский Томский политехнический университет  |v [С. 236-237]  |d 2020 
610 1 |a электронный ресурс 
610 1 |a труды учёных ТПУ 
610 1 |a реакция Ульмана 
610 1 |a синтез 
610 1 |a лиганды 
610 1 |a металл-органические каркасы 
610 1 |a УФ-области 
610 1 |a люминесценция 
700 1 |a Якуненков  |b А. В. 
701 1 |a Потапов  |b А. С. 
702 1 |a Кузнецова  |b А. С.  |c химик-органик  |c инженер-исследователь Томского политехнического университета  |f 1988-  |g Анастасия Сергеевна  |2 stltpush  |4 727 
712 0 2 |a Национальный исследовательский Томский политехнический университет  |b Инженерная школа новых производственных технологий  |b Научно-образовательный центр Н. М. Кижнера  |h 7872  |2 stltpush  |3 (RuTPU)RU\TPU\col\23556 
801 2 |a RU  |b 63413507  |c 20201125  |g RCR 
856 4 |u http://earchive.tpu.ru/handle/11683/63633 
942 |c BK